Návrh teplovodného podlahového vykurovania so zdrojom tepla tepelným čerpadlom pre bytový dom v Lučenci

Salvato in:
Dettagli Bibliografici
Autore principale: Križo, Ľubomír (Autore)
Altri autori: Koudelková, Daniela (Relatore della tesi)
Natura: Manoscritto Libro
Lingua:slovacco
Pubblicazione: 2025
Soggetti:
Accesso online:http://is.stuba.sk/zp/portal_zp.pl?podrobnosti=181938
CRZP
Tags: Aggiungi Tag
Nessun Tag, puoi essere il primo ad aggiungerne!!

MARC

LEADER 00000ntm a22000003a 4500
001 stuzp104177
003 SK-STU
005 20250728105920.0
007 ta
008 150427s2015----xo-----f-mn---000-0-slo-d
040 |a STU  |b slo 
041 0 |a slo 
100 1 |a Križo, Ľubomír  |u 010290  |4 aut  |U SvF Stavebná fakulta  |T SvF Katedra technických zariadení budov  |X 93325  |U V290  |Y 31  |7 93325 
242 0 1 |a Design of hot-water floor heating with heat pump heat source for apartment house in Lučenec  |y eng 
245 1 0 |a Návrh teplovodného podlahového vykurovania so zdrojom tepla tepelným čerpadlom pre bytový dom v Lučenci 
260 |c 2025 
650 4 |a residential building  |2 eng 
650 4 |a heat pump  |2 eng 
650 4 |a hydronic underfloor heating  |2 eng 
650 4 |a teplovodné podlahové vykurovanie  |2 slo 
650 4 |a bytový dom  |2 slo 
650 4 |a tepelné čerpadlo  |2 slo 
700 1 |a Koudelková, Daniela  |u 010290  |k Z1  |4 ths  |U SvF Stavebná fakulta  |T SvF Katedra technických zariadení budov  |X 793  |U V290  |Y 31  |7 A000000793 
856 4 |u http://is.stuba.sk/zp/portal_zp.pl?podrobnosti=181938 
856 4 |u https://opac.crzp.sk/?fn=detailBiblioForm&sid=BBB70232DB8D19E5F327B8DCF3EF  |z CRZP